Élimination par catégorie - Villes de France n°2 - Statistiques

Statistiques générales
  • Ce quiz a été pris 995 fois
  • Le résultat moyen est 15 sur 20
Statistiques - réponses
Groupe # Catégorie % Correct
Vert 29 Ville de plus de 100 000 habitants en 2021 mais pas dans les dix premières de France
97%
Orange 21 Ville dotée d'un Tramway commençant par une des 15 premières lettres de l'alphabet (hors villes de périphéries)
95%
Bleu 20 Ville de plus de 30 000 habitants commençant par la lettre B
95%
Bleu 15 ... qui est une sous-préfecture ou une préfecture
95%
Bleu 10 ... et qui contient un E
94%
Violet 30 Ville faisant partie du Top 30 des villes où il fait bon vivre selon le JDD
92%
Vert 21 ... et pas qui n'a pas plus de 150 000 habitants en 2021
91%
Vert 14 ... qui contient un N
84%
Orange 14 ... située à l'Est de Paris
83%
Orange 8 ... mais au Nord de Valence
81%
Vert 6 ... hors région Île-de-france et Bourgogne Franche-Comté
80%
Orange 4 ... en Auvergne-Rhône-Alpes
76%
Violet 21 ... de moins de 140 000 habitants
72%
Bleu 2 ... située en Bourgogne-Franche-Comté
61%
Orange 1 ... où le siège de l'entreprise "Michelin" s'y trouve depuis 130 ans Clermont-Ferrand
58%
Bleu 1 ... à 1 heure de Dijon en Train Besançon
58%
Violet 8 ... ni en Bretagne, ni en Nouvelle-Aquitaine
57%
Vert 1 ... dans la région Grand-Est Nancy
57%
Violet 5 ... terminant par une consonne
43%
Violet 1 ... est également un nom commun dans la langue française Tours
23%
Aucun quiz correspondant
Distribution des résultats
% des personnes avec chaque résultat
Percentile par nombre de réponses
Votre historique - résultats
Vous n’avez pas pris ce quiz